Biobibliografía: Roberto Fernández Retamar
Salvato in:
| Autori principali: | , |
|---|---|
| Natura: | Libro |
| Lingua: | spagnolo |
| Pubblicazione: |
La Habana
Ediciones Boloña
2013
|
| Edizione: | 1a. ed |
| Soggetti: | |
| Tags: |
Aggiungi Tag
Nessun Tag, puoi essere il primo ad aggiungerne!!
|
MARC
| LEADER | 00000cam a2200000 a 4500 | ||
|---|---|---|---|
| 001 | UCD0727 | ||
| 003 | CL-VaPUC | ||
| 008 | 151210e20130000cu |||||||||||||||||spa|d | ||
| 020 | |a 9789592940789 | ||
| 082 | 0 | 4 | |a 016.9726 |b GAR |2 21 |
| 100 | 0 | |a García Carranza, Araceli |e author |9 583740 | |
| 700 | 0 | |a García Carranza, Josefina |e author |9 583741 | |
| 245 | 1 | 0 | |a Biobibliografía: Roberto Fernández Retamar |
| 250 | |a 1a. ed | ||
| 300 | |a t | ||
| 942 | |c BK | ||
| 945 | |d 20151210 22:58:00 |a gsalatino | ||
| 260 | |a La Habana |b Ediciones Boloña |c 2013 | ||
| 650 | 0 | |a Bibliografías |9 257071 | |
| 650 | 0 | |a Biobibliografías |9 412305 | |
| 650 | 7 | |a ENSAYOS CUBANOS |2 CL-VaPUC |9 315049 | |
| 583 | |a last modification |c 20151210 22:58:00 |k Rodrigo Vera | ||
| 999 | |c 362189 |d 362187 | ||
| 952 | |0 0 |1 0 |3 erb |4 0 |6 016_972600000000000_GAR_2013 |7 0 |8 A |9 473146 |a BIBEDU |b BIBEDU |h t.1 |i 525549K |o 016.9726 GAR 2013 |p 525549K |r 2019-11-24 |w 2019-11-24 |y BK |z Catalogado en:20151210 |k LIT | ||
| 952 | |0 0 |1 0 |3 erb |4 0 |6 016_972600000000000_GAR_2013 |7 0 |8 A |9 473147 |a BIBEDU |b BIBEDU |h t.2 |i 5255503 |o 016.9726 GAR 2013 |p 5255503 |r 2019-11-24 |w 2019-11-24 |y BK |z Catalogado en:20151210 |k LIT | ||